Prueba de Regiones de Chile: La Araucanía - Estadísticas

Estadísticas generales
  • Esta prueba ha sido intentada 27 veces
  • La puntuación promedio es 11 de 17
Estadísticas de respuestas
Pregunta Respuesta % Correcto
Pueblo Indígena Mayoritario Mapuche
96%
Capital Temuco
96%
Lengua oficial en las comunas de Galvarino, Padre Las Casas y Temuco Mapudungún
88%
Gran árbol milenario representativo de esta región Araucaria o Pewén
83%
Ciudad conocida como la "capital chilena del turismo de aventura" Pucón
83%
Capitán Pastene fue fundada por europeos provenientes de este país Italia
79%
Volcán Villarrica
79%
Provincias Cautín
75%
Segunda ciudad más poblada de la región Angol
67%
Malleco
67%
Menciona a los dos volcanes que han hecho erupción en esta región durante este siglo Volcán Llaima
63%
Principal actividad económica Agricultura
58%
Humorista nacido en la ciudad de Purén "Bombo" Fica
46%
Al momento de hacer el quiz, es la región más austral en tener este tipo de transporte en Chile Tren
46%
Famoso parque nacional a 148 km al noreste de la capital regional en el cual se encuentra el lago homónimo y uno de los volcanes mencionados anteriormente Parque nacional Conguillío
38%
Conjunto de comunidades indígenas en la comuna de Ercilla conocida por los conflictos con la Forestal Mininco Temucuicui
33%
Turístico lago conocido por su cultura en el cual se encuentra la aldea de Puerto Domínguez Lago Budi
21%
No se encontraron pruebas coincidentes
Distribución de puntuación
Porcentaje de gente con cada puntuación
Porcentaje por número respondido
Historial de tus puntuaciones
No has intentado esta prueba.